Score 0/28 Timer 03:00
1 Play Today
Word pair Missing Word % Correct
Salt and ________Pepper
97%
________ and JerryTom
96.1%
Macaroni and ________Cheese
95.4%
Starsky and ________Hutch
94.7%
________ and YangYin
93%
Gin and ________Tonic
92.4%
Sanford and ________Son
90.5%
Kicking and ________Screaming
90%
________ and ButtheadBeavis
89%
Thelma and ________Louise
87.2%
________ and StripesStars
85.5%
________ and CherSonny
82.4%
________ and AbelCain
81.2%
Trinidad and ________Tobago
77.4%
Word pair Missing Word % Correct
Rocky and ________Bullwinkle
77.2%
Procter and ________Gamble
74.8%
Laverne & ________Shirley
74%
________ and HobbesCalvin
73.3%
Barnum and ________Bailey
69.1%
________ and HerzegovinaBosnia
59.7%
________ and FeatheredTarred
59.4%
Smith and ________Wesson
57.8%
________ and HardyLaurel
55.7%
________ and JetsamFlotsam
50.3%
Gilbert and ________Sullivan
46.1%
________ and BessPorgy
39.2%
________ and LoanSavings
38.3%
________ and ParcelPart
32.2%

Today's Daily Dose

Remove Ads.
Support Sporcle.
Get the best of Sporcle when you Go Orange. This ad-free experience offers more features, more stats, and more fun while also helping to support Sporcle. Thank you for becoming a member.

You're not logged in!

Compare scores with friends on all Sporcle quizzes.
OR
Log In

Show Comments

Extras

Top Quizzes Today


Score Distribution

Your Account Isn't Verified!

In order to create a playlist on Sporcle, you need to verify the email address you used during registration. Go to your Sporcle Settings to finish the process.

Report this User

Report this user for behavior that violates our Community Guidelines.

Details: